AIDS in the twenty- first century: disease and globalization (Record no. 93)

MARC details
000 -LEADER
fixed length control field 00663nam a2200181 a 4500
008 - FIXED-LENGTH DATA ELEMENTS--GENERAL INFORMATION
fixed length control field 140924s2002 ||||||||||||||||| || u
020 ## - INTERNATIONAL STANDARD BOOK NUMBER
International Standard Book Number 140390006X
050 ## - LIBRARY OF CONGRESS CALL NUMBER
Classification number 616.97 Bar
100 ## - MAIN ENTRY--PERSONAL NAME
Personal name Barnett, Tony
245 10 - TITLE STATEMENT
Title AIDS in the twenty- first century: disease and globalization
Statement of responsibility, etc. by Tony Barnett and Alan Whiteside
260 ## - PUBLICATION, DISTRIBUTION, ETC.
Place of publication, distribution, etc. New York
Name of publisher, distributor, etc. Palgrave Macmillan
Date of publication, distribution, etc. 2002
300 ## - PHYSICAL DESCRIPTION
Extent xii, 416 p.; ill
650 ## - SUBJECT ADDED ENTRY--TOPICAL TERM
Topical term or geographic name entry element AIDS--TWENTY-FIRST CENTURY
650 ## - SUBJECT ADDED ENTRY--TOPICAL TERM
Topical term or geographic name entry element AIDS
650 ## - SUBJECT ADDED ENTRY--TOPICAL TERM
Topical term or geographic name entry element AIDS (DISEASE)
700 ## - ADDED ENTRY--PERSONAL NAME
Personal name Whiteside, Alan W
995 ## -
-- AMERICAN CORNER
-- 0109616
-- CBU-DAG HAMMARSKJOLD INSTITUTE LIBRARY
-- 616.97 Bar
-- 1
-- AVAILABLE
-- Sep 24, 2014
-- 0109616
-- American Collection
999 ## -
-- 93
-- 93
Holdings
Withdrawn status Lost status Source of classification or shelving scheme Damaged status Not for loan Permanent Location Current Location Shelving location Date acquired Total Checkouts Full call number Barcode Date last seen Price effective from Koha item type
          CBU-DAG HAMMARSKJOLD INSTITUTE CBU-DAG HAMMARSKJOLD INSTITUTE   11/28/2022   616.97 Bar 0109616 11/28/2022 11/28/2022 MONOGRAPH